[Event "9th EUROPEAN  INDIVIDUAL  WOME"]
[Site "Plovdiv, Bulgaria"]
[Date "2008.04.30"]
[Round "9"]
[Board "1"]
[White "Foisor, Mihaela Veronica"]
[Black "Sarakauskiene, Zivile"]
[Result "0-1"]
[WhiteElo "2088"]
[BlackElo "2198"]
[PlyCount "162"]
[EventDate "2008.04.21"]
[EventRounds "11"]
[EventCountry "BUL"]

1.c4 e5 2.g3 Nf6 3.Bg2 Nc6 4.Nc3 Bb4 5.a3 Bxc3 6.bxc3 O-O 7.d3 d6 8.Nf3 e4 9.Nd4
Ne5 10.O-O c5 11.Nc2 exd3 12.exd3 Bg4 13.f3 Bf5 14.Ne1 d5 15.f4 Nc6 16.cxd5 Nxd5
17.Qb3 Nb6 18.Be3 Qe7 19.Bf2 Rac8 20.Rd1 Rfd8 21.Qb5 Nb8 22.Nf3 Nd5 23.Qb3 Be6
24.c4 Nb6 25.Rfe1 Qd6 26.Ng5 Bg4 27.Rd2 Rc7 28.Ne4 Qf8 29.Qb5 N6d7 30.a4 a6
31.Qb2 Nc6 32.h3 Bf5 33.g4 Bxe4 34.dxe4 Qe7 35.Red1 Re8 36.e5 Nb4 37.Kh2 Nf8
38.Rd6 g5 39.Bxc5 Rxc5 40.Qxb4 Rc7 41.f5 Qxe5+ 42.Kh1 h5 43.Qd2 hxg4 44.Qxg5+
Qg7 45.Qf4 gxh3 46.Bxh3 Qc3 47.Rg1+ Ng6 48.Bf1 Rc5 49.Rd3 Qf6 50.Rd5 Rxd5
51.cxd5 Kf8 52.Qb4+ Ne7 53.Bh3 Rd8 54.d6 Qxd6 55.Qxd6 Rxd6 56.Rb1 b6 57.Kg2 Kg7
58.Kf3 Kf6 59.Kf4 Nd5+ 60.Kf3 Nc3 61.Rb4 Rd3+ 62.Kg2 Nd5 63.Rh4 a5 64.Kf2 Ke5
65.Rh6 f6 66.Rh8 Rd2+ 67.Kf3 Rd4 68.Re8+ Kd6 69.Kg3 Rxa4 70.Bg2 Ne7 71.Bh3 Ra3+
72.Kg2 Kd7 73.Rf8 Nd5 74.Kh2 Ke7 75.Rb8 Rb3 76.Bg2 Ne3 77.Be4 a4 78.Ra8 a3
79.Kg1 Kd6 80.Kf2 Ke5 81.Re8+ Kf4

[Event "9th EUROPEAN  INDIVIDUAL  WOME"]
[Site "Plovdiv, Bulgaria"]
[Date "2008.04.30"]
[Round "9"]
[Board "1"]
[White "Nikolaidou, Eleni"]
[Black "Tsarouha, Marianthi"]
[Result "1-0"]
[WhiteElo "1817"]
[BlackElo "1747"]
[PlyCount "73"]
[EventDate "2008.04.21"]
[EventRounds "11"]
[EventCountry "BUL"]

1.e4 c5 2.c3 Nf6 3.e5 Nd5 4.Nf3 e6 5.Bc4 Nb6 6.Bb3 d6 7.O-O Nc6 8.d4 cxd4 9.cxd4
dxe5 10.dxe5 Qxd1 11.Rxd1 h6 12.Nc3 a6 13.Ne4 Nd7 14.Nd6+ Ke7 15.Bf4 g5 16.Bg3
Bg7 17.Rac1 Rb8 18.Ba4 b5 19.Bxb5 axb5 20.Rxc6 g4 21.Bh4+ f6 22.exf6+ Bxf6
23.Bxf6+ Nxf6 24.Ne5 Rg8 25.Rc7+ Kd8 26.Rf7 Bd7 27.Rxf6 Rg7 28.Rxh6 Kc7 29.Ne4
Rd8 30.Rc1+ Kb6 31.Nxd7+ Rgxd7 32.Rxe6+ Ka5 33.g3 Rd1+ 34.Rxd1 Rxd1+ 35.Kg2 Rb1
36.Re5 Kb6 37.Nc3

[Event "9th EUROPEAN  INDIVIDUAL  WOME"]
[Site "Plovdiv, Bulgaria"]
[Date "2008.04.30"]
[Round "9"]
[Board "1"]
[White "Khropova, Larisa"]
[Black "Mihajlova, Diana"]
[Result "1-0"]
[WhiteElo "2069"]
[BlackElo "1623"]
[PlyCount "49"]
[EventDate "2008.04.21"]
[EventRounds "11"]
[EventCountry "BUL"]

1.d4 d5 2.Nf3 e6 3.Bf4 f5 4.e3 Nf6 5.Nbd2 Ne4 6.Ne5 g6 7.h4 Nd7 8.Bd3 Ndf6 9.f3
Nxd2 10.Qxd2 Be7 11.O-O-O Nh5 12.g4 Nxf4 13.exf4 a6 14.g5 c5 15.c3 c4 16.Bc2 Qa5
17.Kb1 Qb6 18.Ba4+ Kf8 19.h5 Rg8 20.hxg6 hxg6 21.Rh7 Rg7 22.Rh8+ Rg8 23.Qh2 Bd6
24.Qh7 Bxe5 25.Rxg8#

[Event "9th EUROPEAN  INDIVIDUAL  WOME"]
[Site "Plovdiv, Bulgaria"]
[Date "2008.05.01"]
[Round "10"]
[Board "1"]
[White "Lahno, Kateryna"]
[Black "Kovalevskaya, Ekaterina"]
[Result "1-0"]
[WhiteElo "2479"]
[BlackElo "2421"]
[PlyCount "73"]
[EventDate "2008.04.21"]
[EventRounds "11"]
[EventCountry "BUL"]

1.e4 c5 2.Nf3 Nc6 3.d4 cxd4 4.Nxd4 e5 5.Nb5 d6 6.N1c3 a6 7.Na3 b5 8.Nd5 Nf6
9.Bg5 Be7 10.Bxf6 Bxf6 11.c3 Bg5 12.Nc2 Ne7 13.h4 Bh6 14.a4 bxa4 15.Ncb4 O-O
16.Qxa4 Nxd5 17.Nxd5 a5 18.Bb5 Be6 19.Bc6 Rb8 20.b4 axb4 21.cxb4 g6 22.b5 f5
23.Qa5 Kh8 24.Qxd8 Rfxd8 25.h5 gxh5 26.Rxh5 Bg7 27.Ne7 fxe4 28.Bxe4 h6 29.Nc6 d5
30.Nxd8 Rxd8 31.Bf5 Bxf5 32.Rxf5 Rb8 33.Rb1 Rb6 34.Rf7 e4 35.Rd7 Bc3+ 36.Kd1 d4
37.Re7

[Event "9th EUROPEAN  INDIVIDUAL  WOME"]
[Site "Plovdiv, Bulgaria"]
[Date "2008.05.01"]
[Round "10"]
[Board "1"]
[White "Houska, Jovanka"]
[Black "Muzychuk, Anna"]
[Result "1/2-1/2"]
[WhiteElo "2390"]
[BlackElo "2486"]
[PlyCount "62"]
[EventDate "2008.04.21"]
[EventRounds "11"]
[EventCountry "BUL"]

1.d4 f5 2.Nf3 Nf6 3.g3 g6 4.Bg2 Bg7 5.O-O O-O 6.c4 d6 7.Nc3 c6 8.d5 e5 9.dxe6
Bxe6 10.b3 Na6 11.Bb2 Kh8 12.Qc2 Qc7 13.Rad1 Rad8 14.Ng5 Bc8 15.e3 Nc5 16.Rd2
Qe7 17.Rfd1 Ng4 18.Nf3 Ne5 19.Nxe5 Bxe5 20.b4 Ne6 21.Ne2 Kg8 22.h4 Qc7 23.Bh3 a6
24.a4 a5 25.b5 Nc5 26.Nd4 Ne4 27.Re2 c5 28.Nb3 Be6 29.Nd2 d5 30.cxd5 Bxd5
31.Nxe4 Bxe4

[Event "9th EUROPEAN  INDIVIDUAL  WOME"]
[Site "Plovdiv, Bulgaria"]
[Date "2008.05.01"]
[Round "10"]
[Board "1"]
[White "Pogonina, Natalija"]
[Black "Cmilyte, Viktorija"]
[Result "1/2-1/2"]
[WhiteElo "2470"]
[BlackElo "2466"]
[PlyCount "98"]
[EventDate "2008.04.21"]
[EventRounds "11"]
[EventCountry "BUL"]

1.e4 c5 2.Nf3 Nc6 3.d4 cxd4 4.Nxd4 Nf6 5.Nc3 e6 6.a3 d5 7.Bb5 Bd7 8.exd5 Nxd5
9.Nxd5 exd5 10.O-O Be7 11.Nb3 Bf5 12.Be3 O-O 13.Re1 Bd6 14.Bc5 Bxc5 15.Nxc5 Qb6
16.Bd3 Qxc5 17.Bxf5 g6 18.Bd3 Rfe8 19.Qd2 Ne5 20.Bf1 Rad8 21.b4 Qb6 22.Qf4 Qd6
23.Rad1 Re6 24.c3 b6 25.h3 Rc8 26.Qd4 Qe7 27.Kh1 Nc4 28.Rxe6 Qxe6 29.Bxc4 Rxc4
30.Qxd5 Qxd5 31.Rxd5 Rxc3 32.a4 Ra3 33.a5 bxa5 34.bxa5 Kf8 35.Re5 Kg7 36.Kh2 a6
37.f4 h5 38.h4 Ra4 39.Kg3 Ra3+ 40.Kf2 f6 41.Re7+ Kf8 42.Re6 Rxa5 43.Rxf6+ Kg7
44.Rc6 Ra2+ 45.Kf3 Ra3+ 46.Ke4 a5 47.Ra6 Ra1 48.Ra7+ Kf6 49.Ra6+ Kg7

[Event "9th EUROPEAN  INDIVIDUAL  WOME"]
[Site "Plovdiv, Bulgaria"]
[Date "2008.05.01"]
[Round "10"]
[Board "1"]
[White "Melia, Salome"]
[Black "Socko, Monika"]
[Result "0-1"]
[WhiteElo "2413"]
[BlackElo "2505"]
[PlyCount "116"]
[EventDate "2008.04.21"]
[EventRounds "11"]
[EventCountry "BUL"]

1.e4 e6 2.d4 d5 3.Nc3 Nf6 4.e5 Nfd7 5.f4 c5 6.Nf3 Nc6 7.Be3 cxd4 8.Nxd4 Bc5
9.Qd2 O-O 10.O-O-O a6 11.Qf2 Bxd4 12.Bxd4 b5 13.Be3 b4 14.Na4 a5 15.h4 Qc7 16.h5
Ba6 17.h6 g6 18.Nb6 Nxb6 19.Bxb6 Qd7 20.g4 a4 21.Kb1 f6 22.exf6 Bxf1 23.Rhxf1
Rxf6 24.Qe3 Rb8 25.Bd4 Rf7 26.Be5 Rc8 27.Bg7 Na5 28.b3 Nc6 29.Qd3 a3 30.Rde1
Rxg7 31.hxg7 Qxg7 32.Kc1 Qb2+ 33.Kd2 Nd4 34.Rc1 Rc3 35.Qa6 Rxc2+ 36.Rxc2 Qxc2+
37.Ke1 Qc3+ 38.Kf2 Qf3+ 39.Ke1 Qe4+ 40.Kd2 Qg2+ 41.Kd1 Qxg4+ 42.Ke1 Qg3+ 43.Rf2
Qg1+ 44.Qf1 Qxf1+ 45.Kxf1 Kf7 46.Rd2 Nb5 47.Ke2 Kf6 48.Ke3 Kf5 49.Rc2 e5 50.fxe5
Kxe5 51.Rh2 Nc3 52.Rxh7 Nxa2 53.Kd2 Nc3 54.Kc2 d4 55.Rg7 a2 56.Kb2 d3 57.Rxg6 d2
58.Rg1 d1=R

[Event "9th EUROPEAN  INDIVIDUAL  WOME"]
[Site "Plovdiv, Bulgaria"]
[Date "2008.05.01"]
[Round "10"]
[Board "1"]
[White "Stepovaia, Tatiana"]
[Black "Danielian, Elina"]
[Result "0-1"]
[WhiteElo "2378"]
[BlackElo "2479"]
[PlyCount "116"]
[EventDate "2008.04.21"]
[EventRounds "11"]
[EventCountry "BUL"]

1.e4 e6 2.d4 d5 3.Nc3 Nf6 4.Bg5 Be7 5.e5 Nfd7 6.Bxe7 Qxe7 7.f4 a6 8.Nf3 c5 9.Qd2
Nc6 10.dxc5 Nxc5 11.Bd3 b5 12.a3 b4 13.axb4 Nxd3+ 14.Qxd3 Nxb4 15.Qd2 O-O 16.O-O
Bd7 17.Ne2 Bb5 18.Rf2 Bxe2 19.Qxe2 Qa7 20.c3 Nc6 21.Ra4 a5 22.g4 Qd7 23.Ra1 a4
24.Qd3 h6 25.g5 h5 26.Qd1 g6 27.Rxa4 Nxe5 28.Rxa8 Nxf3+ 29.Rxf3 Rxa8 30.Qd4 Qb5
31.Rf2 Ra1+ 32.Kg2 Re1 33.b4 Qa4 34.Rb2 Qa1 35.Qf2 h4 36.b5 Rg1+ 37.Kh3 Rf1
38.Qe2 Qc1 39.b6 Qxc3+ 40.Kg2 Re1 41.Qd2 Qxd2+ 42.Rxd2 Rb1 43.Kh3 Rxb6 44.Kxh4
Kf8 45.Kg4 Ke7 46.Ra2 Rb7 47.Ra6 d4 48.Kf3 Rd7 49.Ra2 d3 50.Rd2 e5 51.Ke4 Ke6
52.fxe5 Rd5 53.h4 Rxe5+ 54.Kf4 Rd5 55.Ke4 Rd8 56.Ke3 Ke5 57.Kf2 Ke4 58.Ke1 Rc8

[Event "9th EUROPEAN  INDIVIDUAL  WOME"]
[Site "Plovdiv, Bulgaria"]
[Date "2008.05.01"]
[Round "10"]
[Board "1"]
[White "Peng, Zhaoqin"]
[Black "Lomineishvili, Maia"]
[Result "1/2-1/2"]
[WhiteElo "2455"]
[BlackElo "2400"]
[PlyCount "90"]
[EventDate "2008.04.21"]
[EventRounds "11"]
[EventCountry "BUL"]

1.d4 Nf6 2.c4 e6 3.Nf3 Bb4+ 4.Nbd2 b6 5.g3 Bb7 6.Bg2 O-O 7.O-O d5 8.cxd5 exd5
9.Ne5 Re8 10.Ndc4 c6 11.Ne3 Bd6 12.Nd3 Nbd7 13.b3 a5 14.Nf5 Bf8 15.Bb2 a4
16.bxa4 Qb8 17.Bc3 Qa7 18.a5 bxa5 19.Qc2 Ne4 20.e3 g6 21.Nh4 Nxc3 22.Qxc3 c5
23.Nf3 Rac8 24.Rfd1 Bg7 25.Rab1 cxd4 26.Qb2 Ba6 27.exd4 Bxd3 28.Rxd3 Rc4 29.Re3
Rxe3 30.fxe3 Bh6 31.Re1 Qc7 32.Re2 Nf6 33.Ne5 Rc1+ 34.Kf2 Rc3 35.Qb5 Qd8 36.Qb7
Rc7 37.Qb3 Rc1 38.Rc2 Rxc2+ 39.Qxc2 Qb6 40.Bf3 Qb4 41.Nd3 Qe7 42.Ne5 Qa3 43.Nd3
Ne4+ 44.Bxe4 dxe4 45.Nf4 Bxf4

[Event "9th EUROPEAN  INDIVIDUAL  WOME"]
[Site "Plovdiv, Bulgaria"]
[Date "2008.05.01"]
[Round "10"]
[Board "1"]
[White "Dzagnidze, Nana"]
[Black "Zimina, Olga"]
[Result "1/2-1/2"]
[WhiteElo "2443"]
[BlackElo "2363"]
[PlyCount "134"]
[EventDate "2008.04.21"]
[EventRounds "11"]
[EventCountry "BUL"]

1.d4 d5 2.c4 e6 3.Nf3 c6 4.Qc2 Nf6 5.Bg5 h6 6.Bxf6 Qxf6 7.e3 g6 8.Nc3 Nd7 9.Bd3
Bg7 10.O-O O-O 11.cxd5 exd5 12.b4 a6 13.a4 Qd6 14.Qb3 Nf6 15.Rfc1 Re8 16.b5 axb5
17.axb5 Rxa1 18.Rxa1 c5 19.dxc5 Qxc5 20.Rc1 Bd7 21.Nd4 Ra8 22.Nce2 Qd6 23.h3 Ne4
24.Qb1 Nc5 25.Rd1 Ne6 26.Nxe6 Bxe6 27.Nf4 Be5 28.Nxe6 Qxe6 29.Qb3 Bc7 30.Be2 Qe5
31.g3 Rd8 32.Bf3 d4 33.exd4 Rxd4 34.Rxd4 Qxd4 35.Bxb7 Bb6 36.Qf3 Kg7 37.Kg2 Qf6
38.Qe2 h5 39.h4 Qd4 40.Bc6 Qf6 41.Bd5 Bc5 42.f4 Qd4 43.Bc6 Qg1+ 44.Kh3 Qe3
45.Qc2 Qf2 46.Qc3+ Qd4 47.Qb3 Qe3 48.Qb2+ Bd4 49.Qc2 Qe6+ 50.Kg2 Qe3 51.Qd1 Qf2+
52.Kh3 Qg1 53.Qc2 Qf1+ 54.Qg2 Qxg2+ 55.Kxg2 Kf6 56.Bd5 Bb6 57.Kf3 Bc5 58.Bc4 Bb6
59.g4 hxg4+ 60.Kxg4 Bc7 61.Kf3 Bb6 62.Bb3 Ba5 63.Bd1 Bb6 64.Ke4 Bc7 65.Bg4 Kg7
66.h5 Kh6 67.hxg6 fxg6

[Event "9th EUROPEAN  INDIVIDUAL  WOME"]
[Site "Plovdiv, Bulgaria"]
[Date "2008.05.01"]
[Round "10"]
[Board "1"]
[White "Nikoladze, Sopio"]
[Black "Dembo, Yelena"]
[Result "0-1"]
[WhiteElo "2249"]
[BlackElo "2429"]
[PlyCount "96"]
[EventDate "2008.04.21"]
[EventRounds "11"]
[EventCountry "BUL"]

1.d4 Nf6 2.c4 g6 3.Nc3 Bg7 4.g3 O-O 5.Bg2 d6 6.Nf3 Nc6 7.O-O a6 8.Bf4 Bg4 9.h3
Bxf3 10.Bxf3 Nd7 11.Be3 e5 12.d5 Ne7 13.Rc1 f5 14.Bg2 Kh8 15.Qd2 Ng8 16.b4 Qe7
17.c5 Qf7 18.cxd6 cxd6 19.f4 Ngf6 20.Na4 Nh5 21.Kh2 exf4 22.gxf4 Ndf6 23.Bd4 Qe7
24.e3 Ne4 25.Qb2 Rae8 26.Nb6 Kg8 27.Bxg7 Nxg7 28.Bf3 Qd8 29.Nc4 b5 30.Na5 Qh4
31.Qg2 Nf6 32.Rce1 Rxe3 33.Rxe3 Qxf4+ 34.Qg3 Qxe3 35.Qxd6 Qd2+ 36.Kg1 Qd4+
37.Kg2 Ngh5 38.Qc5 Qh4 39.Bxh5 Nxh5 40.Qf2 Qe4+ 41.Qf3 Nf4+ 42.Kg3 Qxf3+ 43.Kxf3
Nxd5 44.a3 Rc8 45.Rd1 Rc3+ 46.Kf2 Nf4 47.Rd8+ Kg7 48.Rd7+ Kh6

[Event "9th EUROPEAN  INDIVIDUAL  WOME"]
[Site "Plovdiv, Bulgaria"]
[Date "2008.05.01"]
[Round "10"]
[Board "1"]
[White "Voiska, Margarita"]
[Black "Mkrtchian, Lilit"]
[Result "0-1"]
[WhiteElo "2339"]
[BlackElo "2413"]
[PlyCount "54"]
[EventDate "2008.04.21"]
[EventRounds "11"]
[EventCountry "BUL"]

1.d4 d5 2.c4 e6 3.Nc3 c6 4.Nf3 Nf6 5.Bf4 dxc4 6.a4 Bb4 7.Qc2 b5 8.g3 Bb7 9.Bg2
Nbd7 10.O-O Qb6 11.b3 cxb3 12.Qxb3 a5 13.Rab1 O-O 14.Rfc1 Rfc8 15.Ne1 Bxc3
16.Qxc3 b4 17.Qf3 Nd5 18.e4 Nxf4 19.Qxf4 c5 20.d5 exd5 21.exd5 Nf6 22.d6 Bxg2
23.Nxg2 Rd8 24.Ne3 Qxd6 25.Qxd6 Rxd6 26.Rxc5 Ne4 27.Re5 Nd2

[Event "9th EUROPEAN  INDIVIDUAL  WOME"]
[Site "Plovdiv, Bulgaria"]
[Date "2008.05.01"]
[Round "10"]
[Board "1"]
[White "Galojan, Lilit"]
[Black "Rajlich, Iweta"]
[Result "0-1"]
[WhiteElo "2324"]
[BlackElo "2411"]
[PlyCount "78"]
[EventDate "2008.04.21"]
[EventRounds "11"]
[EventCountry "BUL"]

1.d4 e6 2.c4 c5 3.d5 exd5 4.cxd5 d6 5.Nc3 a6 6.a4 g6 7.Nf3 Bg7 8.Nd2 Nd7 9.e4
Ne7 10.Nc4 Nb6 11.Bg5 Nxc4 12.Bxc4 h6 13.Bh4 g5 14.Bg3 Ng6 15.O-O h5 16.h3 g4
17.f4 h4 18.Be1 gxh3 19.g4 hxg3 20.Bxg3 h2+ 21.Kh1 Bh3 22.Rf2 Qd7 23.Qd3 Bd4
24.Rxh2 O-O-O 25.Ne2 Qg4 26.Nxd4 Bg2+ 27.Kg1 Rxh2 28.Bxh2 Bf3+ 29.Kf2 Qg2+
30.Ke1 cxd4 31.Rc1 Qxh2 32.Qxf3 Qxb2 33.Kd1 Kb8 34.Qe2 Qb4 35.Bxa6 Qxa4+ 36.Ke1
Qxa6 37.Qc2 Qa5+ 38.Kf2 Nxf4 39.Kf3 Ng6

[Event "9th EUROPEAN  INDIVIDUAL  WOME"]
[Site "Plovdiv, Bulgaria"]
[Date "2008.05.01"]
[Round "10"]
[Board "1"]
[White "Romanko, Marina"]
[Black "Zawadzka, Jolanta"]
[Result "1-0"]
[WhiteElo "2325"]
[BlackElo "2397"]
[PlyCount "81"]
[EventDate "2008.04.21"]
[EventRounds "11"]
[EventCountry "BUL"]

1.d4 Nf6 2.c4 g6 3.Nf3 Bg7 4.g3 O-O 5.Bg2 d6 6.O-O Nc6 7.Nc3 Bf5 8.Ne1 Qc8 9.e3
e5 10.d5 Na5 11.e4 Bd7 12.Qd3 c5 13.dxc6 Nxc6 14.Qxd6 Rd8 15.Qd3 Bg4 16.Nd5 Nb4
17.Qd2 Nbxd5 18.cxd5 Ne8 19.b3 Bh3 20.Ba3 Bxg2 21.Kxg2 f5 22.f3 fxe4 23.fxe4 Qg4
24.Qd3 Rdc8 25.h3 Qd7 26.Nf3 h6 27.Rac1 b5 28.Bb2 Qe7 29.Qxb5 Nd6 30.Qd3 Rab8
31.Rxc8+ Rxc8 32.Rc1 Rxc1 33.Bxc1 Qb7 34.Ba3 Nb5 35.Bb2 Qc7 36.a4 Nd6 37.Bxe5
Bxe5 38.Nxe5 Qc1 39.Nc4 Nf7 40.e5 Qe1 41.e6

[Event "9th EUROPEAN  INDIVIDUAL  WOME"]
[Site "Plovdiv, Bulgaria"]
[Date "2008.05.01"]
[Round "10"]
[Board "1"]
[White "Rudolf, Anna"]
[Black "Muzychuk, Mariya"]
[Result "0-1"]
[WhiteElo "2302"]
[BlackElo "2387"]
[PlyCount "102"]
[EventDate "2008.04.21"]
[EventRounds "11"]
[EventCountry "BUL"]

1.e4 c5 2.b3 e6 3.Bb2 a6 4.Nf3 Nc6 5.c4 d6 6.d4 cxd4 7.Nxd4 Bd7 8.Be2 Nf6 9.Nc3
Be7 10.O-O O-O 11.Qd2 Rc8 12.Rad1 Qc7 13.Kh1 Rfd8 14.f4 Nxd4 15.Qxd4 Bc6 16.Rfe1
Bf8 17.Rd3 Re8 18.Rg3 e5 19.fxe5 dxe5 20.Qe3 Nd7 21.Bg4 Rcd8 22.Bxd7 Rxd7 23.Qf2
Qd6 24.Nd5 Bxd5 25.cxd5 Rc7 26.Rc3 Rxc3 27.Bxc3 Rc8 28.Qg3 f6 29.h3 Qa3 30.Rf1
Qxa2 31.Rxf6 Qxb3 32.Rf3 Qb1+ 33.Kh2 Qxe4 34.Bxe5 Qxd5 35.Rxf8+ Kxf8 36.Qxg7+
Ke8 37.Qh8+ Kd7 38.Qxh7+ Ke6 39.Bg3 Re8 40.Qg7 a5 41.h4 b5 42.Qg4+ Kf7 43.Bf4 b4
44.Bg5 Qd6+ 45.Bf4 Qd5 46.Bg5 Qe4 47.Qh5+ Kg8 48.Kg1 Re6 49.Kh2 b3 50.Qd1 b2
51.Qd8+ Re8

[Event "9th EUROPEAN  INDIVIDUAL  WOME"]
[Site "Plovdiv, Bulgaria"]
[Date "2008.05.01"]
[Round "10"]
[Board "1"]
[White "Rogule, Laura"]
[Black "Repkova, Eva"]
[Result "0-1"]
[WhiteElo "2255"]
[BlackElo "2381"]
[PlyCount "68"]
[EventDate "2008.04.21"]
[EventRounds "11"]
[EventCountry "BUL"]

1.d4 d5 2.c4 e6 3.Nc3 Nf6 4.Nf3 c5 5.cxd5 cxd4 6.Qxd4 exd5 7.e4 Nc6 8.Bb5 Nxe4
9.O-O Nf6 10.Re1+ Be7 11.Bxc6+ bxc6 12.Qe5 Be6 13.Bf4 Bc5 14.Qe2 O-O 15.Ne5 Rc8
16.Rac1 Bd6 17.Bg5 Re8 18.Qf3 Be7 19.Ne2 c5 20.Nf4 Qd6 21.Nxe6 fxe6 22.Qh3 Ne4
23.Bf4 Bg5 24.Rxe4 Bxf4 25.Qh5 dxe4 26.Qf7+ Kh8 27.Qxf4 Qe7 28.Qxe4 Rcd8 29.Qe3
Rd5 30.g4 Qf6 31.Rxc5 h6 32.b4 Kg8 33.Qe4 Rd2 34.Qe3 Rxa2 {.....}

[Event "9th EUROPEAN  INDIVIDUAL  WOME"]
[Site "Plovdiv, Bulgaria"]
[Date "2008.05.01"]
[Round "10"]
[Board "1"]
[White "Velcheva, Maria"]
[Black "Turova, Irina"]
[Result "0-1"]
[WhiteElo "2262"]
[BlackElo "2380"]
[PlyCount "108"]
[EventDate "2008.04.21"]
[EventRounds "11"]
[EventCountry "BUL"]

1.e4 e5 2.Nf3 Nc6 3.d4 exd4 4.Nxd4 Nf6 5.Nxc6 bxc6 6.e5 Qe7 7.Qe2 Nd5 8.c4 Ba6
9.b3 O-O-O 10.g3 g5 11.Bb2 Bg7 12.Bg2 Rde8 13.O-O Bxe5 14.Qxe5 Qxe5 15.Bxe5 Rxe5
16.cxd5 Bxf1 17.Kxf1 cxd5 18.Nd2 g4 19.f3 h5 20.Kf2 Rhe8 21.Bf1 c6 22.Rc1 Kc7
23.Rc3 Re1 24.b4 Rd1 25.Rd3 Ra1 26.Ra3 Rc1 27.Rxa7+ Kb8 28.Ra3 Rc2 29.Rd3 Rxa2
30.fxg4 hxg4 31.h3 gxh3 32.Bxh3 Kc7 33.b5 Rea8 34.bxc6 dxc6 35.Ke3 R2a3 36.Bf5
Rxd3+ 37.Bxd3 Kd6 38.g4 c5 39.Nf3 Ra3 40.Ke2 Ra2+ 41.Ke3 c4 42.Bf5 Kc5 43.g5
Ra3+ 44.Ke2 d4 45.g6 fxg6 46.Bxg6 Re3+ 47.Kf2 Re6 48.Bf5 Re7 49.Ng5 Kd5 50.Nf3
d3 51.Bg6 Kc5 52.Kf1 Kb4 53.Nd2 c3 54.Nf3 c2

[Event "9th EUROPEAN  INDIVIDUAL  WOME"]
[Site "Plovdiv, Bulgaria"]
[Date "2008.05.01"]
[Round "10"]
[Board "1"]
[White "Khukhashvili, Sopiko"]
[Black "Tsiganova, Monika"]
[Result "1-0"]
[WhiteElo "2371"]
[BlackElo "2198"]
[PlyCount "77"]
[EventDate "2008.04.21"]
[EventRounds "11"]
[EventCountry "BUL"]

1.e4 e5 2.Nf3 Nc6 3.Bb5 a6 4.Ba4 Nf6 5.O-O Be7 6.Re1 b5 7.Bb3 d6 8.c3 O-O 9.h3
Na5 10.Bc2 c5 11.d4 Qc7 12.Nbd2 cxd4 13.cxd4 Nc6 14.Nb3 a5 15.Be3 a4 16.Nbd2 Bd7
17.Rc1 Qb7 18.Nf1 Rfe8 19.Ng3 g6 20.Bb1 Rac8 21.Qd2 exd4 22.Nxd4 Ne5 23.b3 h5
24.Bg5 Qb6 25.Kh1 Nh7 26.Bxe7 Rxe7 27.Rxc8+ Bxc8 28.Rc1 Bb7 29.Nge2 axb3 30.axb3
Re8 31.Nc3 b4 32.Nd5 Bxd5 33.exd5 Nf6 34.f4 Ned7 35.f5 Ne5 36.fxg6 fxg6 37.Ne6
Kh7 38.Rc7+ Nfd7 39.Bxg6+

[Event "9th EUROPEAN  INDIVIDUAL  WOME"]
[Site "Plovdiv, Bulgaria"]
[Date "2008.05.01"]
[Round "10"]
[Board "1"]
[White "Hoang, Thanh Trang"]
[Black "Kochetkova, Julia"]
[Result "1-0"]
[WhiteElo "2477"]
[BlackElo "2316"]
[PlyCount "105"]
[EventDate "2008.04.21"]
[EventRounds "11"]
[EventCountry "BUL"]

1.d4 d5 2.c4 e6 3.Nf3 c6 4.e3 f5 5.Be2 Nf6 6.O-O Bd6 7.b3 Qe7 8.Bb2 O-O 9.Qc1 b6
10.Ba3 Bb7 11.cxd5 Nxd5 12.Bxd6 Qxd6 13.Nbd2 Nd7 14.Rd1 Rac8 15.Qb2 Qe7 16.Rac1
Rf6 17.Nc4 Rg6 18.Qa3 Qxa3 19.Nxa3 Kf8 20.Nc4 Ke7 21.a3 Rf6 22.b4 Rff8 23.Rc2
Rc7 24.Rdc1 Rfc8 25.Nfe5 Nb8 26.Nb2 Nd7 27.Nec4 Ba8 28.Bf3 N7f6 29.Ne5 Bb7 30.b5
c5 31.dxc5 Rxc5 32.Rxc5 Rxc5 33.Rxc5 bxc5 34.Nbd3 Bc8 35.Nxc5 Kd6 36.Ncd3 Nb6
37.Nc6 a6 38.bxa6 Bxa6 39.Ndb4 Bb5 40.Na5 Nc4 41.Nxc4+ Bxc4 42.Bb7 Nd7 43.f4 Bb3
44.Kf2 Nb6 45.Ba6 Kc5 46.Ke2 Na4 47.Kd2 Kb6 48.Bd3 Nc5 49.Kc3 Bd1 50.Kd4 Bh5
51.Bc4 Bf7 52.Ke5 h6 53.Kd6

[Event "9th EUROPEAN  INDIVIDUAL  WOME"]
[Site "Plovdiv, Bulgaria"]
[Date "2008.05.01"]
[Round "10"]
[Board "1"]
[White "Peptan, Corina Isabela"]
[Black "Kadimova, Ilaha"]
[Result "0-1"]
[WhiteElo "2415"]
[BlackElo "2308"]
[PlyCount "84"]
[EventDate "2008.04.21"]
[EventRounds "11"]
[EventCountry "BUL"]

1.e4 c6 2.c4 d5 3.exd5 cxd5 4.cxd5 Nf6 5.Nc3 Nxd5 6.Nf3 Nc6 7.Bb5 e6 8.O-O Be7
9.d4 O-O 10.Re1 Qd6 11.Ne4 Qc7 12.Bd2 Bd7 13.Nc5 Be8 14.Nb3 Bf6 15.Qe2 Qb6
16.Bc4 Nce7 17.Ne5 Rc8 18.Bd3 Ng6 19.g3 Ba4 20.Nc4 Qd8 21.Nc5 Bc6 22.Ne5 Nde7
23.Nxg6 hxg6 24.Bc3 Bxd4 25.Bxd4 Qxd4 26.Rac1 Bd5 27.Nb3 Qb4 28.Rxc8 Rxc8 29.Bc2
Qa4 30.Bb1 Nf5 31.Qd3 Qg4 32.Nd2 Nd4 33.Qe3 Nc2 34.Bxc2 Rxc2 35.f3 Qb4 36.Nf1
Qxb2 37.Qg5 Qb6+ 38.Ne3 Bxf3 39.Qf4 Rg2+ 40.Kf1 Qb5+ 41.Nc4 Bd5 42.Qh4 g5

[Event "9th EUROPEAN  INDIVIDUAL  WOME"]
[Site "Plovdiv, Bulgaria"]
[Date "2008.05.01"]
[Round "10"]
[Board "1"]
[White "Akatova, Ekaterina"]
[Black "Kachiani Gersinska, Ketino"]
[Result "0-1"]
[WhiteElo "2320"]
[BlackElo "2388"]
[PlyCount "148"]
[EventDate "2008.04.21"]
[EventRounds "11"]
[EventCountry "BUL"]

1.e4 e5 2.Nf3 Nc6 3.Bb5 a6 4.Ba4 Nf6 5.O-O Be7 6.Re1 b5 7.Bb3 d6 8.a4 b4 9.a5
O-O 10.c3 bxc3 11.bxc3 Rb8 12.d4 exd4 13.cxd4 Bg4 14.Be3 d5 15.e5 Ne4 16.Qc2 Nb4
17.Qe2 c5 18.dxc5 Nxc5 19.Bxc5 Bxc5 20.h3 Bxf3 21.Qxf3 Nc6 22.Qd3 Qh4 23.Rf1 Qd4
24.Bc2 Qxd3 25.Bxd3 Nb4 26.Ra3 Rfe8 27.Nd2 Rxe5 28.Nf3 Ree8 29.Rc1 Bd6 30.Bf1 g6
31.Ra4 Rec8 32.Raa1 Bf4 33.Rxc8+ Rxc8 34.Rb1 Bd6 35.g3 Rc2 36.Nd4 Ra2 37.Nb3 Ra3
38.Kg2 Kf8 39.h4 h5 40.Be2 Kg7 41.Bf1 Ra2 42.Kg1 d4 43.Nxd4 Rxa5 44.Rxb4 Bxb4
45.Nc6 Ra4 46.Nxb4 Rxb4 47.Bxa6 Kf6 48.Be2 Ke5 49.Kg2 Kd4 50.Bf3 Rb6 51.Ba8 Rd6
52.Bf3 Kd3 53.Bd1 Rb6 54.Bf3 Rf6 55.Bd5 Ke2 56.Bc4+ Ke1 57.f3 Rf5 58.f4 Kd2
59.Kf3 Kc3 60.Ba2 Kd4 61.Bb3 Kc5 62.Ba2 Kd6 63.Bc4 Ke7 64.Ba2 Rc5 65.Bb1 Rc3+
66.Kg2 f5 67.Kh3 Ra3 68.Bc2 Kd6 69.Bd1 Kc5 70.Be2 Kd4 71.Bb5 Ke3 72.Kg2 Ra2+
73.Kh3 Kf2 74.Be8 Kg1

[Event "9th EUROPEAN  INDIVIDUAL  WOME"]
[Site "Plovdiv, Bulgaria"]
[Date "2008.05.01"]
[Round "10"]
[Board "1"]
[White "Ciuksyte, Dagne"]
[Black "Sharevich, Anna"]
[Result "1/2-1/2"]
[WhiteElo "2380"]
[BlackElo "2311"]
[PlyCount "42"]
[EventDate "2008.04.21"]
[EventRounds "11"]
[EventCountry "BUL"]

1.e4 c5 2.Nf3 e6 3.d4 cxd4 4.Nxd4 a6 5.Bd3 Nf6 6.O-O Qc7 7.Qe2 d6 8.Nc3 Be7
9.Bd2 Nbd7 10.Rae1 b6 11.Kh1 Bb7 12.f4 h5 13.Rf3 g6 14.Rg3 Ng4 15.Nf3 b5 16.h3
b4 17.Nd5 exd5 18.exd5 O-O-O 19.Qxe7 Nf2+ 20.Kg1 Nxd3 21.cxd3 Nc5

[Event "9th EUROPEAN  INDIVIDUAL  WOME"]
[Site "Plovdiv, Bulgaria"]
[Date "2008.05.01"]
[Round "10"]
[Board "1"]
[White "Cosma, Elena Luminita"]
[Black "Juergens, Vera"]
[Result "1-0"]
[WhiteElo "2374"]
[BlackElo "2302"]
[PlyCount "105"]
[EventDate "2008.04.21"]
[EventRounds "11"]
[EventCountry "BUL"]

1.d4 Nf6 2.Nf3 g6 3.g3 Bg7 4.Bg2 O-O 5.O-O d5 6.c4 Nc6 7.cxd5 Nxd5 8.e4 Nb6 9.d5
Na5 10.Qe1 Nac4 11.Nc3 Bg4 12.b3 Bxf3 13.Bxf3 Qd6 14.bxc4 Qf6 15.Bf4 Qxc3
16.Qxc3 Bxc3 17.Rac1 Bd4 18.Rfd1 Bc5 19.Bxc7 Rfc8 20.Bf4 Ba3 21.Rc3 Bb4 22.Rb3
Rxc4 23.e5 Bc5 24.d6 exd6 25.exd6 Rd8 26.Bxb7 Rc2 27.Rf3 f6 28.Be3 Rxd6 29.Rxd6
Bxd6 30.Rxf6 Be7 31.Be4 Re2 32.Rc6 Kf8 33.Rc2 Rxc2 34.Bxc2 Bd6 35.h4 Be5 36.Kg2
Kg7 37.Kf3 Nc8 38.Ke4 Bc7 39.Bd4+ Kf7 40.Bb3+ Ke7 41.Kd5 Ba5 42.Kc6 Be1 43.Bc5+
Kd8 44.Be6 Ne7+ 45.Kb5 a5 46.Bb6+ Ke8 47.Bxa5 Bxf2 48.Bc7 Nf5 49.Bxf5 gxf5
50.Kc6 Ke7 51.a4 Ke6 52.a5 f4 53.Bxf4

[Event "9th EUROPEAN  INDIVIDUAL  WOME"]
[Site "Plovdiv, Bulgaria"]
[Date "2008.05.01"]
[Round "10"]
[Board "1"]
[White "Djingarova, Emilia"]
[Black "Kovanova, Baira"]
[Result "1/2-1/2"]
[WhiteElo "2301"]
[BlackElo "2372"]
[PlyCount "60"]
[EventDate "2008.04.21"]
[EventRounds "11"]
[EventCountry "BUL"]

1.Nf3 Nf6 2.c4 b6 3.g3 Bb7 4.Bg2 e6 5.O-O Be7 6.d4 O-O 7.Nc3 Ne4 8.Qc2 f5 9.Ne5
d5 10.cxd5 exd5 11.Qb3 Kh8 12.Bf4 Bf6 13.Rfd1 c6 14.f3 Nxc3 15.bxc3 Nd7 16.Nxd7
Qxd7 17.e4 g5 18.Be5 fxe4 19.fxe4 dxe4 20.Bxe4 Qe7 21.Bxf6+ Rxf6 22.Qc2 Re8
23.Bg2 Qe3+ 24.Kh1 Rf2 25.Qd3 Qe2 26.Qxe2 Rexe2 27.Bf1 Rc2 28.Kg1 Rf7 29.Rac1
Rb2 30.Rb1 Rc2